| 000 | 00422nam a2200169Ia 4500 | ||
|---|---|---|---|
| 005 | 20250425160949.0 | ||
| 008 | 250425s9999 xx 000 0 und d | ||
| 041 | _aeng | ||
| 082 | _a621.317 | ||
| 110 | _aELECTRIC POWER RESEARCH INSTITUTE | ||
| 245 | 0 | _aDETECTION OF ELECTRIC METER TAMPERING | |
| 250 | _aS.E. | ||
| 260 |
_aEstados Unidos _bEPRI _c1985 |
||
| 260 | _aMINNESOTA CITY | ||
| 942 | _c01 | ||
| 010 | _a9382 | ||
| 999 |
_c199738 _d199738 |
||